Classical Approaches to the Study of Religion (Record no. 6556)

MARC details
000 -LEADER
fixed length control field 00408nam a2200157 a 4500
082 00 - DEWEY DECIMAL CLASSIFICATION NUMBER
Classification number 200.18 WAA
100 ## - MAIN ENTRY--AUTHOR NAME
Author name Waardenburg, Jacques
245 ## - TITLE STATEMENT
Title Classical Approaches to the Study of Religion
260 ## - PUBLICATION, DISTRIBUTION, ETC. (IMPRINT)
Place of publication Hague
Name of publisher Mouton Publisher
Year of publication 1973
300 ## - PHYSICAL DESCRIPTION
Number of Pages 742p
500 ## - GENERAL NOTE
General note includes index and biblioraphy
505 2# - FORMATTED CONTENTS NOTE
Formatted contents note Index
650 ## - SUBJECT ADDED ENTRY--TOPICAL TERM
Topical Term Methodology-Religion
942 ## - ADDED ENTRY ELEMENTS (KOHA)
Koha item type Books
700 1# -
-- Waardenburg, Jacques
Holdings
Home library Current library Shelving location Date acquired Cost, normal purchase price Full call number Accession Number Koha item type
Henry Martyn Institute Library Henry Martyn Institute Library Reference 08/06/2013 100.00 200.18 WAA 010475 E-Books
                   Copyright © 2026 | Henry Martyn Institute | Hyderabad | TS-500052 | INDIA | Implemented by hmi.edu.in
Hit-Count:

Powered by Koha